00376 2200145 4500001002100000005001500021035002000036245006500056100002600121300001200147260002500159082000800184084001400192990002400206INLIS00000000000226220250527024910 a0010-05250005541 aMenangkal Narkoba dan Kekerasan /cdr. Lydia Harlina Martono0 aLydia Harlina Martono a114 hlm bBalai Pustaka,c2008 a300 a300 LYD m a0713179 s/d 0713180